[Event "fast and furious"]
[Site "SchemingMind.com"]
[Date "2009.01.22"]
[Round "-"]
[White "lacus66"]
[Black "Phillip Beckett"]
[Result "0-1"]
[WhiteCountry "HUN"]
[BlackCountry "ENG"]
[WhiteElo "1688"]
[WhiteRD "70"]
[BlackElo "1833"]
[BlackRD "95"]
[GameID "188697"]

1. d4 d5 2. e4 e6 3. e5 c5 4. c3 Nc6 5. Nf3 Qb6 6. Bd3 cxd4 7. cxd4 Bd7 8. O-O Nxd4 9. Nxd4 Qxd4 10. Re1 Qb6
11. Qe2 Bc5 12. Be3 Bxe3 13. fxe3 Ne7 14. Nc3 O-O 15. Rab1 d4 16. Ne4 dxe3 17. Qxe3 Qxe3+ 18. Rxe3 Nd5 19. Ree1 Rac8 20. Rec1 Rxc1+
21. Rxc1 Rc8 22. Rxc8+ Bxc8 23. Nd6 Ne7 24. Be4 b6 25. b4 f5 26. exf6 gxf6 27. Nxc8 Nxc8 28. a4 Nd6 29. Bd3 h6 30. Kf2 Kf7
31. Ke3 e5 32. g4 Ke6 33. h4 Kd5 34. b5 Nc4+ 35. Kf3 Nb2 36. Bc2 Kc4 37. Ke2 Kc3
0-1

[Event "fast and furious"]
[Site "SchemingMind.com"]
[Date "2009.01.22"]
[Round "-"]
[White "Phillip Beckett"]
[Black "lacus66"]
[Result "1-0"]
[WhiteCountry "ENG"]
[BlackCountry "HUN"]
[WhiteElo "1833"]
[WhiteRD "95"]
[BlackElo "1688"]
[BlackRD "70"]
[GameID "188698"]

1. d4 Nf6 2. e3 g6 3. Bd3 Bg7 4. f4 O-O 5. Nf3 d5 6. Nbd2 Bg4 7. c3 Nc6 8. O-O e6 9. Qc2 Bxf3 10. Nxf3 Ne7
11. Ne5 Nf5 12. b3 c6 13. Ba3 Re8 14. Qd2 b5 15. h3 Ng3 16. Rf3 Nge4 17. Qc2 Nd7 18. Bxe4 dxe4 19. Qxe4 Bxe5 20. fxe5 f5
21. exf6 Nxf6 22. Qe5 Nd5 23. c4 bxc4 24. bxc4 Nb6 25. Rc1 Nd7 26. Qd6 Rc8 27. Rcf1 Rf8 28. Qxe6+ Kg7 29. Bxf8+ Nxf8 30. Rf7+
1-0

[Event "fast and furious"]
[Site "SchemingMind.com"]
[Date "2009.01.23"]
[Round "-"]
[White "Door_Mouse"]
[Black "lacus66"]
[Result "0-1"]
[WhiteCountry "USA"]
[BlackCountry "HUN"]
[WhiteElo "1582"]
[WhiteRD "112"]
[BlackElo "1597"]
[BlackRD "67"]
[GameID "188800"]

1. e4 e6 2. d4 d5 3. e5 c5 4. c3 c4 5. Nf3 h6 6. Be2 Ne7 7. b3 b5 8. O-O Nf5 9. bxc4 bxc4 10. Ba3 Be7
11. Bxe7 Nxe7 12. Nbd2 O-O 13. Rb1 Nbc6 14. Qc2 Nf5 15. Rfe1 f6 16. Nf1 g5 17. Ng3 Kg7 18. Nxf5+ exf5 19. Rb5 a6 20. Qa4 Ra7
21. Rc5 Ne7 22. exf6+ Rxf6 23. Ne5 Bb7 24. Bh5 Re6 25. Kf1 Bc8 26. Rc6 Nxc6 27. Nxc6 Rxe1+ 28. Kxe1 Bd7 29. g3 Qc7
0-1

[Event "fast and furious"]
[Site "SchemingMind.com"]
[Date "2009.01.23"]
[Round "-"]
[White "Door_Mouse"]
[Black "Phillip Beckett"]
[Result "1-0"]
[WhiteCountry "USA"]
[BlackCountry "ENG"]
[WhiteElo "1582"]
[WhiteRD "112"]
[BlackElo "1608"]
[BlackRD "59"]
[GameID "188801"]

1. e4 e5 2. Nf3 Nc6 3. d4 exd4 4. Nxd4 Bc5 5. Be3 Qf6 6. c3 Nge7 7. Bc4 O-O 8. O-O Nxd4 9. Bxd4 Bxd4 10. cxd4 d6
11. Nc3 c6 12. Re1 Ng6 13. Qd3 Nf4 14. Qf3 Qg5 15. Ne2 Nxe2+ 16. Rxe2 Bg4 17. Qe3 Qxe3 18. Rxe3 Rfe8 19. f3 Be6 20. b3 Bxc4
21. bxc4 Rad8 22. Kf2 g6 23. Rb1 b6 24. g3 f5 25. a4 fxe4 26. fxe4 d5 27. exd5 Rxe3 28. Kxe3 cxd5 29. c5 bxc5 30. dxc5 d4+
31. Kd3 Kf7 32. Rb7+ Kg8 33. Rxa7 Rd5 34. Rc7 h5 35. a5
1-0

[Event "fast and furious"]
[Site "SchemingMind.com"]
[Date "2009.01.23"]
[Round "-"]
[White "lacus66"]
[Black "Door_Mouse"]
[Result "1-0"]
[WhiteCountry "HUN"]
[BlackCountry "USA"]
[WhiteElo "1597"]
[WhiteRD "67"]
[BlackElo "1582"]
[BlackRD "112"]
[GameID "188802"]

1. d4 f5 2. e4 fxe4 3. Nc3 Nf6 4. f3 exf3 5. Nxf3 e6 6. Bg5 Be7 7. Bd3 O-O 8. Bxf6 Bxf6 9. O-O Nc6 10. Bc4 d6
11. a3 Bd7 12. d5 Bxc3 13. bxc3 Na5 14. Bb3 Nxb3 15. cxb3 e5 16. c4 c6 17. b4 Bg4 18. h3 Bxf3 19. Rxf3 Rxf3 20. Qxf3 Qc7
21. Rf1 Qe7 22. dxc6 bxc6 23. Qxc6 Rc8 24. Qd5+ Kh8 25. Rf7 Qg5 26. Qxd6 h6 27. c5 e4 28. Qe6 e3 29. Qxc8+ Kh7 30. Qf5+
1-0

[Event "fast and furious"]
[Site "SchemingMind.com"]
[Date "2009.01.23"]
[Round "-"]
[White "Phillip Beckett"]
[Black "Door_Mouse"]
[Result "1/2-1/2"]
[WhiteCountry "ENG"]
[BlackCountry "USA"]
[WhiteElo "1620"]
[WhiteRD "56"]
[BlackElo "1576"]
[BlackRD "87"]
[GameID "188803"]

1. d4 f5 2. e3 Nf6 3. Bd3 e6 4. Nd2 Be7 5. f4 O-O 6. Ngf3 d6 7. c3 Nc6 8. O-O Bd7 9. e4 fxe4 10. Nxe4 e5
11. fxe5 dxe5 12. dxe5 Nxe4 13. Bxe4 Qe8 14. Qc2 Bf5 15. Bxf5 Qf7 16. Nd4 Qd5 17. Bxh7+ Kh8 18. Bf4 Nxd4 19. cxd4 Qxd4+ 20. Kh1 Rxf4
21. Rxf4 Qxf4 22. Qe4 Rf8 23. g3 Qxe4+ 24. Bxe4 b6 25. Rc1 Bc5 26. Rc2 Rf2 27. Rxf2 Bxf2 28. e6 Bc5 29. Kg2 Kg8 30. Kf3 Kf8
31. Kf4 Ke7 32. Bf5 Kf6 33. h4 g6 34. Bh3 Be7 35. g4 Kxe6 36. h5 gxh5 37. gxh5+ Kf6 38. Bf5 c5 39. Bg6 Kg7 40. b3=
1/2-1/2

[Event "fast and furious"]
[Site "SchemingMind.com"]
[Date "2009.01.23"]
[Round "-"]
[White "Gary"]
[Black "lacus66"]
[Result "1-0"]
[WhiteCountry "ENG"]
[BlackCountry "HUN"]
[WhiteElo "1591"]
[WhiteRD "63"]
[BlackElo "1635"]
[BlackRD "71"]
[GameID "188828"]

1. e4 e6 2. d4 d5 3. Nd2 Nf6 4. e5 Nfd7 5. Ngf3 f5 6. exf6 Qxf6 7. Bd3 Bd6 8. O-O O-O 9. Re1 e5 10. dxe5 Nxe5
11. Nxe5 Bxe5 12. Nf3 Bg4 13. Be2 Bd6 14. Be3 Bxf3 15. Bxf3 c6 16. c3 Nd7 17. Bd4 Qf7 18. b3 c5 19. Be3 Ne5 20. Bxd5
1-0

[Event "fast and furious"]
[Site "SchemingMind.com"]
[Date "2009.01.23"]
[Round "-"]
[White "Gary"]
[Black "Phillip Beckett"]
[Result "0-1"]
[WhiteCountry "ENG"]
[BlackCountry "ENG"]
[WhiteElo "1412"]
[WhiteRD "58"]
[BlackElo "1620"]
[BlackRD "56"]
[GameID "188829"]

1. e4 e5 2. Nf3 Nc6 3. Bb5 a6 4. Ba4 Nf6 5. O-O Be7 6. Re1 b5 7. Bb3 O-O 8. d4 d6 9. h3 exd4 10. Nxd4 Nxd4
11. Qxd4 c5 12. Qd3 c4 13. Bxc4 bxc4 14. Qxc4 Be6 15. Qd4 d5 16. Nc3 dxe4 17. Qxd8 Rfxd8 18. Bf4 Bb4 19. Be5 Bxc3 20. Bxc3 Nd5
21. Be5 e3 22. fxe3 Rac8 23. c3 f6 24. Bd4 Ne7 25. a3 Nf5 26. Rad1 Nxd4 27. exd4 Bb3 28. Rd2 Re8 29. Rde2 Kf7 30. Kf2 Rxe2+
0-1

[Event "fast and furious"]
[Site "SchemingMind.com"]
[Date "2009.01.23"]
[Round "-"]
[White "Gary"]
[Black "Door_Mouse"]
[Result "0-1"]
[WhiteCountry "ENG"]
[BlackCountry "USA"]
[WhiteElo "1412"]
[WhiteRD "58"]
[BlackElo "1576"]
[BlackRD "87"]
[GameID "188830"]

1. e4 c6 2. d4 d5 3. Nd2 dxe4 4. Nxe4 Bf5 5. Ng3 Bg6 6. Bd3 Bxd3 7. Qxd3 Nf6 8. Nf3 e6 9. O-O Bd6 10. Bg5 Bxg3
11. fxg3 O-O 12. Ne5 Nbd7 13. Rad1 c5
0-1

[Event "fast and furious"]
[Site "SchemingMind.com"]
[Date "2009.01.23"]
[Round "-"]
[White "lacus66"]
[Black "Gary"]
[Result "0-1"]
[WhiteCountry "HUN"]
[BlackCountry "ENG"]
[WhiteElo "1597"]
[WhiteRD "67"]
[BlackElo "1488"]
[BlackRD "64"]
[GameID "188831"]

1. d4 f5 2. e4 fxe4 3. Nc3 Nf6 4. f3 exf3 5. Nxf3 e6 6. Bg5 Be7 7. Bd3 O-O 8. O-O b6 9. Bxf6 Bxf6 10. Ne4 Be7
11. Bc4 d5 12. Bxd5 exd5 13. Nc3 Bg4 14. Qd3 Nc6 15. Nb5 Nb4 16. Qb3 a6 17. Nc3 a5 18. a4 Bxf3 19. gxf3 Bd6 20. Ne2 Rf6
21. c3 Rg6+ 22. Kh1 Qh4 23. cxb4 Qxh2#
0-1

[Event "fast and furious"]
[Site "SchemingMind.com"]
[Date "2009.01.23"]
[Round "-"]
[White "Phillip Beckett"]
[Black "Gary"]
[Result "1-0"]
[WhiteCountry "ENG"]
[BlackCountry "ENG"]
[WhiteElo "1620"]
[WhiteRD "56"]
[BlackElo "1412"]
[BlackRD "58"]
[GameID "188832"]

1. d4 f5 2. e3 Nf6 3. Bd3 d6 4. f4 Nc6 5. c3 g6 6. Nf3 Bg7 7. O-O O-O 8. Nbd2 Kh8 9. Qe1 Re8 10. Qh4 e5
11. Bc2 e4 12. Ng5 Qe7 13. Bb3 Rf8 14. Nc4 Bd7 15. a4 a6 16. Ba2 Ng4 17. h3 Nf6 18. b4 b5 19. axb5 axb5 20. Nd2 d5
21. Bb2 Nd8 22. g4 Nf7 23. Nxf7+ Qxf7 24. g5 Ng8 25. Qg3 h6 26. gxh6 Nxh6 27. Kh2 Bf6 28. Bb3 c6 29. Rg1 Rg8 30. Rxa8
1-0

[Event "fast and furious"]
[Site "SchemingMind.com"]
[Date "2009.01.24"]
[Round "-"]
[White "Door_Mouse"]
[Black "Gary"]
[Result "1-0"]
[WhiteCountry "USA"]
[BlackCountry "ENG"]
[WhiteElo "1576"]
[WhiteRD "87"]
[BlackElo "1412"]
[BlackRD "58"]
[GameID "188833"]

1. e4 c5 2. Nf3 d6 3. d4 cxd4 4. Nxd4 Nf6 5. Nc3 e6 6. Bg5 Be7 7. f4 Nbd7 8. Qd2 a6 9. O-O-O O-O 10. Bxf6 Bxf6
11. g3 b5 12. h4
1-0

[Event "fast and furious"]
[Site "SchemingMind.com"]
[Date "2009.01.25"]
[Round "-"]
[White "soundso"]
[Black "Gary"]
[Result "1-0"]
[WhiteCountry "USA"]
[BlackCountry "ENG"]
[WhiteElo "1601"]
[WhiteRD "107"]
[BlackElo "1412"]
[BlackRD "58"]
[GameID "188983"]

1. d4 f5 2. e3 Nf6 3. c3 g6 4. Bd3 Bg7 5. Qb3 e6 6. Nf3 O-O 7. Qd1 b6 8. b3 Bb7 9. Ba3 Re8 10. O-O d6
11. Ng5 Nbd7 12. Nd2 Rc8 13. Qe2 c5 14. Nc4 Qc7 15. Nd2 e5 16. Bc4+ Kf8 17. Bf7 Re7 18. Ne6+ Rxe6 19. Bxe6 Qc6 20. Nf3 Ke7
21. Bc4 g5 22. Bb5 Qe4 23. Bd3 Qg4 24. h3 Qh5 25. Bxf5 e4 26. dxc5 dxc5 27. Rfd1
1-0

[Event "fast and furious"]
[Site "SchemingMind.com"]
[Date "2009.01.24"]
[Round "-"]
[White "soundso"]
[Black "lacus66"]
[Result "0-1"]
[WhiteCountry "USA"]
[BlackCountry "HUN"]
[WhiteElo "1456"]
[WhiteRD "120"]
[BlackElo "1635"]
[BlackRD "71"]
[GameID "188984"]

1. e4 e6 2. Nc3 Bb4 3. d3 Nf6 4. Bg5 O-O 5. a3 Bxc3+ 6. bxc3 h6 7. e5 hxg5 8. exf6 Qxf6 9. d4 d5 10. Bd3 e5
11. Qh5 Qh6 12. g4 Qxh5 13. gxh5 Nd7 14. Nf3 e4 15. Be2 exf3 16. Bxf3 Re8+ 17. Kd2 Nf6 18. c4 dxc4 19. d5 Bf5 20. Rab1 b6
21. d6 Rad8 22. Rbe1 Rxd6+ 23. Kc1 Red8 24. Re5 Bg4 25. Bxg4 Nxg4 26. Rxg5 Nxf2 27. Rhg1 Rd1+ 28. Rxd1 Rxd1+ 29. Kb2 Kh7 30. Rf5 Ng4
31. Rxf7 Nxh2 32. Rxc7 b5 33. Rxa7 Rd5 34. a4 bxa4 35. Rxa4 Rxh5 36. Rxc4 Nf3 37. Rc7 Nd4 38. c4 Kh6 39. Rd7 Nf5 40. c5 g5
41. c6 Rh2+ 42. Kc3= Rh3+ 43. Kd2 Rh2+ 44. Kd3 Rh3+ 45. Kd2 Rh2+ 46. Kd3 Rh3+ 47. Kd2 Ng3 48. c7 Ne4+ 49. Ke2 Rc3 50. Re7 Nf6
51. Kd2 Nd5 52. Rd7 Rc5 53. c8=Q Rxc8 54. Rxd5 Kh5 55. Ke3 Rf8 56. Ke4 Kh4 57. Rf5 Rxf5 58. Kxf5 g4 59. Kf4 g3 60. Kf3 Kh3
0-1

[Event "fast and furious"]
[Site "SchemingMind.com"]
[Date "2009.01.24"]
[Round "-"]
[White "soundso"]
[Black "Phillip Beckett"]
[Result "0-1"]
[WhiteCountry "USA"]
[BlackCountry "ENG"]
[WhiteElo "1456"]
[WhiteRD "120"]
[BlackElo "1646"]
[BlackRD "61"]
[GameID "188985"]

1. d4 d5 2. e3 Nf6 3. Bd3 c5 4. c3 e6 5. Nf3 Nc6 6. Ne5 cxd4 7. cxd4 Bd6 8. f4 O-O 9. Bd2 Nd7 10. Nxd7 Bxd7
11. Qh5 g6 12. Qh6 Re8 13. O-O Bf8 14. Qh3 e5 15. Qg3 e4 16. Be2 Nb4 17. Nc3 Bc6 18. f5 Bd6 19. Qf2 Qc7 20. fxg6 fxg6
21. g3 Rf8 22. Qg2 Nc2 23. Rac1 Rxf1+ 24. Qxf1 Nb4 25. Qh3 Rf8 26. Bg4 Nd3 27. Be6+ Kg7 28. Rf1 Rxf1+ 29. Qxf1 Qe7 30. Bg4 Nxb2
31. Be2 Qf7 32. Bc1 Qxf1+ 33. Bxf1 Na4 34. Nb1 Bb4 35. Be2 Nc3 36. a3 Nxe2+ 37. Kf2 Nxc1 38. axb4 Nd3+ 39. Ke2 Nxb4 40. Kd2 a5
41. Kc3 Na6 42. g4 a4 43. Nd2 b5 44. Nxe4 dxe4 45. g5 b4+ 46. Kb2 a3+ 47. Kb3 Bd5+ 48. Kc2 b3+ 49. Kb1 Nb4 50. Kc1 b2+
51. Kb1 Ba2#
0-1

[Event "fast and furious"]
[Site "SchemingMind.com"]
[Date "2009.01.24"]
[Round "-"]
[White "soundso"]
[Black "Door_Mouse"]
[Result "1-0"]
[WhiteCountry "USA"]
[BlackCountry "USA"]
[WhiteElo "1601"]
[WhiteRD "107"]
[BlackElo "1576"]
[BlackRD "87"]
[GameID "188986"]

1. g3 d5 2. Bg2 e5 3. Nf3 Nc6 4. e3 e4 5. Nd4 Nxd4 6. exd4 Nf6 7. d3 Bg4 8. Qd2 Bd6 9. O-O O-O 10. Nc3 Re8
11. h3 Bf5 12. g4 Bg6 13. b3 c6 14. g5 Nd7 15. h4 f6 16. Qd1 fxg5 17. Bxg5 Qc7 18. h5 Bf7 19. Qg4 b6 20. Bh6 Bf8
21. Bxg7 Bxg7 22. h6 Bg6 23. hxg7 Kxg7 24. dxe4 Nf6 25. Qe2 Nxe4 26. Nxe4 dxe4 27. Qg4 Kh8 28. f4 exf3 29. Qxf3 Rg8 30. Qf6+ Rg7
31. Bxc6 Be4+ 32. Kf2 Bxc6 33. Rg1 Qh2+ 34. Ke3 Qc7 35. Rxg7 Qxg7 36. Qxc6 Re8+ 37. Qxe8+ Qg8 38. Qxg8+
1-0

[Event "fast and furious"]
[Site "SchemingMind.com"]
[Date "2009.01.25"]
[Round "-"]
[White "Gary"]
[Black "soundso"]
[Result "0-1"]
[WhiteCountry "ENG"]
[BlackCountry "USA"]
[WhiteElo "1412"]
[WhiteRD "58"]
[BlackElo "1601"]
[BlackRD "107"]
[GameID "188987"]

1. e4 e5 2. Nf3 Nc6 3. Bb5 Nf6 4. O-O Nxe4 5. d4 g6 6. Re1 f5 7. Nbd2 a6 8. Bxc6 bxc6 9. Nxe5 d6 10. Nxc6 Qd7
11. d5 Bg7 12. f3 O-O 13. fxe4 fxe4 14. Nxe4 Bb7 15. Nb4 Qf5 16. c4 Rf7 17. Ng3 Qf2+ 18. Kh1 Qc5 19. Qb3 Be5 20. Be3 Qa5
21. Ne4 Raf8 22. Nd3 c6 23. Bd2 Qd8 24. Nxe5 dxe5 25. d6 c5 26. Nxc5 Qf6 27. Qd3 e4
0-1

[Event "fast and furious"]
[Site "SchemingMind.com"]
[Date "2009.01.24"]
[Round "-"]
[White "lacus66"]
[Black "soundso"]
[Result "0-1"]
[WhiteCountry "HUN"]
[BlackCountry "USA"]
[WhiteElo "1635"]
[WhiteRD "71"]
[BlackElo "1456"]
[BlackRD "120"]
[GameID "188988"]

1. d4 d5 2. e4 e6 3. Nc3 c6 4. Nf3 Nf6 5. Bg5 Bd6 6. e5 Be7 7. exf6 gxf6 8. Be3 a6 9. Bd3 b5 10. O-O f5
11. Ne5 Rg8 12. Qh5 Rf8 13. Qxh7 Nd7 14. Bh6 Nf6 15. Qg7 Qc7 16. Rfe1 Qb6 17. Qg3 Rg8 18. Bg5 Nh7 19. f4 Qxd4+ 20. Kh1 f6
21. Ne2 Qc5 22. Nf3 fxg5 23. h3 Ra7 24. Qh2 Bd6 25. g3 Rag7 26. fxg5 Kd8 27. h4 e5 28. Nd2 e4 29. Nb3 Qa7 30. Nbd4 Bd7
31. Nf4 Qxd4 32. c3 Qa7 33. Bc2 Rh8 34. Nh5 Rgg8 35. Qg2 Be8 36. g4 Nxg5 37. hxg5 fxg4 38. Qxg4 Bxh5
0-1

[Event "fast and furious"]
[Site "SchemingMind.com"]
[Date "2009.01.25"]
[Round "-"]
[White "Phillip Beckett"]
[Black "soundso"]
[Result "1-0"]
[WhiteCountry "ENG"]
[BlackCountry "USA"]
[WhiteElo "1833"]
[WhiteRD "95"]
[BlackElo "1512"]
[BlackRD "250"]
[GameID "188989"]

1. d4 d5 2. e3 e6 3. Bd3 c6 4. f4 a6 5. Nf3 Bd6 6. O-O g6 7. c3 h5 8. Ne5 Nf6 9. Nd2 Ng4 10. Ndf3 f6
11. Bxg6+ Ke7 12. Nf7 Qg8 13. Nxh8 Qxh8 14. Qe1 f5 15. Qh4+ Kd7 16. Ne5+ Bxe5 17. fxe5 Kc7 18. Qe7+ Bd7 19. b3 c5 20. Qxc5+ Bc6
21. Ba3 Nxe3 22. Qd6+ Kb6 23. Bc5+ Kb5 24. a4+
1-0

[Event "fast and furious"]
[Site "SchemingMind.com"]
[Date "2009.01.24"]
[Round "-"]
[White "Door_Mouse"]
[Black "soundso"]
[Result "0-1"]
[WhiteCountry "USA"]
[BlackCountry "USA"]
[WhiteElo "1582"]
[WhiteRD "112"]
[BlackElo "1512"]
[BlackRD "121"]
[GameID "188990"]

1. e4 c5 2. Nf3 d6 3. Bc4 e6 4. d4 d5 5. Bb5+ Bd7 6. Bxd7+ Nxd7 7. e5 cxd4 8. Qxd4 Bc5 9. Qd1 Nh6 10. Bxh6 Qa5+
11. Bd2 Qb5 12. Bc3 Bb4 13. Qd3 Bxc3+ 14. Qxc3 O-O 15. Nbd2 Rac8 16. Qb3 Qxb3 17. axb3 a6 18. O-O-O d4 19. Nxd4 Nxe5 20. h4 Nd3+
21. Kb1 Nxf2 22. Rc1 Nxh1 23. Rxh1 e5 24. Nf5 Rc7 25. Re1 f6 26. Nc4 Rd8 27. g4 Rcd7 28. g5 Rd1+ 29. Rxd1 Rxd1+ 30. Ka2 e4
31. gxf6 gxf6 32. Ncd6 Rxd6 33. Nxd6 e3
0-1

[Event "fast and furious"]
[Site "SchemingMind.com"]
[Date "2009.01.27"]
[Round "-"]
[White "Joe Daudish"]
[Black "Gary"]
[Result "1-0"]
[WhiteCountry "USA"]
[BlackCountry "ENG"]
[WhiteElo "1734"]
[WhiteRD "47"]
[BlackElo "1412"]
[BlackRD "58"]
[GameID "189147"]

1. d4 Nf6 2. Nf3 e6 3. Bf4 Be7 4. h3 d6 5. e3 O-O 6. Be2 Nc6 7. O-O b6 8. Nbd2 Bb7 9. Re1 Re8 10. c4 d5
11. b3 Bd6 12. Bxd6 cxd6 13. cxd5 Nxd5 14. Rc1 Rc8 15. Bb5 Re7 16. Bxc6 Bxc6 17. Nc4 Nf6 18. Ncd2 e5 19. Nc4 e4 20. Nh2
1-0

[Event "fast and furious"]
[Site "SchemingMind.com"]
[Date "2009.01.26"]
[Round "-"]
[White "Joe Daudish"]
[Black "lacus66"]
[Result "1-0"]
[WhiteCountry "USA"]
[BlackCountry "HUN"]
[WhiteElo "1698"]
[WhiteRD "45"]
[BlackElo "1597"]
[BlackRD "67"]
[GameID "189148"]

1. d4 Nf6 2. Nf3 g6 3. Bf4 d6 4. h3 Bg7 5. e3 O-O 6. Bc4 d5 7. Bb3 Ne4 8. O-O Nc6 9. c3 Bf5 10. Nbd2 a6
11. Nxe4 dxe4 12. Nd2 e5 13. Bg3 Qg5 14. d5 h5 15. dxc6 b5 16. Kh1 h4 17. Bh2 Kh7 18. f4 exf3 19. Qxf3 Bd3 20. Rf2 f5
21. Re1 e4 22. Qf4 Qxf4 23. Bxf4 Rac8 24. Be6 Rce8 25. Bd7 Re7 26. Bxc7 g5 27. Bd6 Rxd7 28. cxd7 Rd8 29. Be7 Rxd7 30. Bxg5 Rd5
31. Bxh4 Bh6 32. Nb3 Kg6 33. Nd4 Bg5 34. Bxg5 Kxg5 35. Ne2 a5 36. Nf4 Rd6 37. Nxd3 Rxd3 38. Ree2 Rd1+ 39. Kh2 Rd3 40. g3 Kf6
41. Kg2 b4 42. cxb4 axb4 43. g4
1-0

[Event "fast and furious"]
[Site "SchemingMind.com"]
[Date "2009.01.25"]
[Round "-"]
[White "Joe Daudish"]
[Black "Phillip Beckett"]
[Result "1-0"]
[WhiteCountry "USA"]
[BlackCountry "ENG"]
[WhiteElo "1720"]
[WhiteRD "45"]
[BlackElo "1646"]
[BlackRD "61"]
[GameID "189149"]

1. d4 d5 2. Nf3 Nf6 3. Bf4 e6 4. h3 c5 5. e3 Nc6 6. Be2 cxd4 7. exd4 Bd6 8. Bxd6 Qxd6 9. c3 O-O 10. O-O Ne4
11. Nbd2 Nxd2 12. Qxd2 Bd7 13. Bd3 h6 14. Rfe1 a6 15. Ne5 Nxe5 16. Rxe5 Qb6 17. Rae1 Bb5 18. Bxb5 Qxb5 19. a3 Rfc8 20. R5e3 Rc4
21. Rg3 Kh8 22. Ree3 Qe8 23. Ref3 Rac8 24. Qf4 R4c7 25. Qe5 Qf8 26. Rg4 b5 27. Rfg3 f6 28. Qxe6 Rd8 29. Qxa6 Re7 30. Qxb5 Re1+
31. Kh2 Qd6 32. Rxg7
1-0

[Event "fast and furious"]
[Site "SchemingMind.com"]
[Date "2009.01.26"]
[Round "-"]
[White "Joe Daudish"]
[Black "Door_Mouse"]
[Result "1-0"]
[WhiteCountry "USA"]
[BlackCountry "USA"]
[WhiteElo "1734"]
[WhiteRD "47"]
[BlackElo "1576"]
[BlackRD "87"]
[GameID "189150"]

1. d4 f5 2. Nf3 Nf6 3. Bf4 e6 4. h3 Be7 5. e3 O-O 6. Bc4 d6 7. O-O Nc6 8. c3 b6 9. Nbd2 Bb7 10. Re1 Qd7
11. Qc2 a6 12. b4 b5 13. Bb3 Kh8 14. Ng5 Nh5 15. Nxe6 Rf6 16. d5 Nxf4 17. exf4 Nd8 18. Nxd8 Rxd8 19. a4 c5 20. bxc5 dxc5
21. axb5 axb5 22. Ra7 Ra6 23. Rxa6 Bxa6 24. c4 bxc4 25. Bxc4 Bb7 26. Re5 g6 27. Re1 Bf6 28. Re6 Bxd5 29. Rxf6 Bxc4 30. Nxc4 Kg7
31. Rd6 Qe7 32. Rxd8 Qxd8 33. Ne3 Qd4 34. Qc4 Qa1+ 35. Kh2 Qe1 36. Kg3 Qd2 37. Qxc5 Kh6 38. Qf8+ Kh5 39. Nxf5
1-0

[Event "fast and furious"]
[Site "SchemingMind.com"]
[Date "2009.01.25"]
[Round "-"]
[White "Joe Daudish"]
[Black "soundso"]
[Result "1-0"]
[WhiteCountry "USA"]
[BlackCountry "USA"]
[WhiteElo "1720"]
[WhiteRD "45"]
[BlackElo "1456"]
[BlackRD "120"]
[GameID "189151"]

1. d4 d5 2. Nf3 e6 3. Bf4 Bd6 4. Bxd6 Qxd6 5. c3 Bd7 6. e3 Nf6 7. Bd3 O-O 8. O-O Nc6 9. Nbd2 e5 10. dxe5 Nxe5
11. Nxe5 Qxe5 12. Nf3 Qd6 13. Re1 Bg4 14. Be2 Rfe8 15. h3 Bf5 16. Nd4 Be4 17. Bf3 Bg6 18. Be2 a5 19. Bd3 Bh5 20. Be2 g6
21. Bxh5 Nxh5 22. a3 c6 23. Nf3 Nf6 24. Nd2 Re6 25. Qc2 g5 26. Rad1 g4 27. hxg4 Nxg4 28. Nf3 Rh6 29. Qf5 Rg6 30. Qf4 Re8
31. Qxd6 Rxd6 32. Rd4 Nh6 33. e4 Rde6 34. Nd2 f5 35. f3 b5 36. Kf2 Kf7 37. Rh1 Rg6 38. exf5 Nxf5 39. Rf4 Rg5 40. Rxh7+ Kg6
41. Rh2 Ng3 42. Rg4 Re2+ 43. Kxg3 Rxd2 44. Kf4 Rxg4+ 45. Kxg4 Rxb2 46. f4 b4 47. cxb4 axb4 48. axb4 Rxb4 49. g3 Rd4 50. Rc2 Rc4=
51. Rxc4 dxc4 52. Kf3 c3 53. Ke3 Kf5 54. Kd3
1-0

[Event "fast and furious"]
[Site "SchemingMind.com"]
[Date "2009.01.27"]
[Round "-"]
[White "Gary"]
[Black "Joe Daudish"]
[Result "0-1"]
[WhiteCountry "ENG"]
[BlackCountry "USA"]
[WhiteElo "1412"]
[WhiteRD "58"]
[BlackElo "1734"]
[BlackRD "47"]
[GameID "189152"]

1. e4 e6 2. d4 d5 3. Nd2 Ne7 4. Ngf3 Ng6 5. g3 Be7 6. Bg2 c6 7. O-O dxe4 8. Nxe4 Nd7 9. Be3 Nf6 10. Nfd2 Nxe4
11. Nxe4 O-O 12. c4 b6 13. a3 Bb7 14. b4 Rb8 15. Nc3 Bf6 16. Qd2 Qc7 17. Rac1 Rfd8 18. Ne4 Be7
0-1

[Event "fast and furious"]
[Site "SchemingMind.com"]
[Date "2009.01.27"]
[Round "-"]
[White "lacus66"]
[Black "Joe Daudish"]
[Result "0-1"]
[WhiteCountry "HUN"]
[BlackCountry "USA"]
[WhiteElo "1597"]
[WhiteRD "67"]
[BlackElo "1698"]
[BlackRD "45"]
[GameID "189153"]

1. d4 d5 2. e4 e6 3. Nc3 Ne7 4. Bg5 f6 5. Bh4 c6 6. Qf3 dxe4 7. Qxe4 Ng6 8. Bg3 Bd6 9. Bc4 Qe7 10. Bxd6 Qxd6
11. O-O-O O-O 12. Nf3 b5 13. Bxb5 Bb7 14. Bc4 Re8 15. Rde1 Bc8 16. d5 Ne5 17. Nxe5 cxd5 18. Nxd5 fxe5 19. Qxe5 Qxe5 20. Rxe5 Nc6
21. Re4 Rb8 22. b3 Bd7 23. Nc7 Re7 24. f3 Kf7 25. Rhe1 Nd8 26. f4 g6 27. Bxe6+ Bxe6 28. Nxe6 Rxe6 29. g4 Rxe4 30. Rxe4 Ne6
31. f5 gxf5 32. gxf5 Ng7 33. Re5 Kf6 34. Ra5 Rb7 35. c4 Nxf5 36. Kc2 Ke6 37. c5 Kd5 38. c6+ Kxc6 39. Rxf5 Rg7 40. Rf2 h5
41. Rf4 Rg2+ 42. Kb1 Rxh2 43. Rf6+ Kb5 44. Rf5+ Kb4 45. Rf7 Kc3 46. Rc7+ Kb4 47. Rxa7 h4 48. a4 Kxb3 49. a5 Rh1#
0-1

[Event "fast and furious"]
[Site "SchemingMind.com"]
[Date "2009.01.25"]
[Round "-"]
[White "Phillip Beckett"]
[Black "Joe Daudish"]
[Result "1/2-1/2"]
[WhiteCountry "ENG"]
[BlackCountry "USA"]
[WhiteElo "1646"]
[WhiteRD "61"]
[BlackElo "1720"]
[BlackRD "45"]
[GameID "189154"]

1. d4 d5 2. e3 e6 3. Bd3 Nf6 4. Nd2 Be7 5. f4 c5 6. c3 Nc6 7. Ngf3 c4 8. Bc2 Bd7 9. O-O b5 10. Ne5 O-O
11. Ndf3 a5 12. Nxd7 Qxd7 13. Ne5 Qc7 14. Qf3 b4 15. e4 Rfb8 16. Nxc6 Qxc6 17. exd5 Qxd5 18. Bd2 bxc3 19. Bxc3 Bb4 20. f5 Bxc3
21. bxc3 Qxf3 22. Rxf3 exf5 23. Bxf5 Rb2 24. Rf2 Rab8 25. Raf1 Nd5 26. Bd7 Rxf2 27. Rxf2 Nxc3 28. Bc6 Rb1+ 29. Rf1 Ne2+ 30. Kf2 Rxf1+
31. Kxf1 Nxd4=
1/2-1/2

[Event "fast and furious"]
[Site "SchemingMind.com"]
[Date "2009.01.26"]
[Round "-"]
[White "Door_Mouse"]
[Black "Joe Daudish"]
[Result "0-1"]
[WhiteCountry "USA"]
[BlackCountry "USA"]
[WhiteElo "1576"]
[WhiteRD "87"]
[BlackElo "1734"]
[BlackRD "47"]
[GameID "189155"]

1. e4 e6 2. d4 d5 3. e5 Ne7 4. Nf3 Ng6 5. Bg5 Be7 6. Bxe7 Qxe7 7. Bd3 c5 8. Bxg6 fxg6 9. c3 O-O 10. O-O Nc6
11. Nbd2 Bd7 12. b3 b6 13. Re1 b5 14. Qc2 a5 15. dxc5 Qxc5 16. Re2 Rf5 17. Rc1 Rc8 18. Qd3 Ne7 19. Nd4 Rf7 20. N2f3 Nf5
21. Nxf5 gxf5 22. Nd4 Qb6 23. h3 Be8 24. Rcc2 Rfc7 25. a3 h6 26. b4 axb4 27. axb4 Rc4 28. Nb3 Ra8 29. Nc5 Bg6 30. Ra2 Rxa2
31. Rxa2 Rxc5 32. bxc5 Qxc5 33. Ra5 Qc4 34. Qxc4 bxc4 35. f4 Bh5 36. Kf2 Kf7 37. Ke3 Ke7 38. Kd4 Be2 39. Ra7+ Kf8 40. g4 fxg4
41. hxg4 Bxg4 42. Kc5 h5 43. Kd6 h4 44. Ra2 Kf7 45. Kd7 h3 46. Kd6 Kg6 47. Ke7 Kf5 48. Kf7 g5 49. fxg5 Kxg5 50. Rf2 Kh4
51. Kf6 Kg3 52. Ra2 h2 53. Rxh2 Kxh2 54. Kg5 Bf5 55. Kf4 Kg2 56. Ke3 Kg3
0-1